000 00519nam a2200181Ia 4500
999 _c14346
_d14346
003 OSt
005 20201027095413.0
008 190216s9999||||xx |||||||||||||| ||und||
020 _a8176255785
040 _coclc
082 _a823
_bSRE/I
100 _a Sree, Prasanna
_95647
245 0 _aIndian Women Writing In English New Perspectives /
_bS Prasanna Sree
260 _bSarup & Sons,
_aNew delhi:
_c2005.
300 _a217p
650 _aEnglish
942 _cBK
_2ddc
_h823
_iSRE/I
_k823
_mSRE/I